000 00544nam a2200217Ia 4500
003 OSt
005 20230518152807.0
008 210423s2014 xx 000 0 und d
020 _a978-93-5051-380-4
040 _cAL
041 _aeng
082 _a657
_223
_bJAWA
100 _aJAWAHAR LAL
_9108754
245 _aAccounting: theory and practice
260 _aNew Delhi
_bPearson
_c2014
300 _axiv,573
_bPB
365 _b498
_cINR
650 _aAccounting
_9108755
906 _aAccounting: ; practice ; theory
942 _2ddc
_cBK
999 _c166760
_d166760